[Event "Peterhof op"]
[Site "Peterhof"]
[Date "2009.01.05"]
[Round "4"]
[White "Andaburskis, Aleksejs"]
[Black "Daskevics, Vadims"]
[Result "1/2-1/2"]
[WhiteElo "2059"]
[BlackElo "2326"]
[PlyCount "123"]
[EventDate "2009.01.03"]
[EventType "swiss"]
[EventRounds "9"]
[EventCountry "RUS"]
[SourceTitle "CBM 128 Extra"]
[Source "ChessBase"]
[SourceDate "2009.03.05"]
[SourceVersion "2"]
[SourceVersionDate "2009.03.25"]
[SourceQuality "1"]

1. d4 Nf6 2. c4 e6 3. Nc3 Bb4 4. Bd2 d5 5. e3 0-0 6. Nf3 c6 7. Bd3 Nbd7 8. 0-0 Qe7 9. Qc2 dxc4 10. Bxc4 e5 11. Ne4 Nxe4 12. Bxb4 Qxb4 13. a3 Qb6 14. Qxe4 exd4 15. Qxd4 Qxd4 16. Nxd4 Nb6 17. Be2 Bd7 18. b4 Rfd8 19. Rfd1 g6 20. Kf1 Kf8 21. Rac1 Na4 22. Bf3 Ke7 23. Nb3 Rac8 24. Nc5 Nxc5 25. Rxc5 Be6 26. Ke1 Rd6 27. Rxd6 Kxd6 28. Kd2 Bd7 29. Ra5 a6 30. Kd3 Re8 31. Kd4 f6 32. Rc5 b6 33. Rc2 Re5 34. Rd2 Be6 35. Kc3+ Kc7 36. Kb2 g5 37. Rc2 c5 38. bxc5 bxc5 39. Kc3 g4 40. Be2 Bc8 41. Rc1 h5 42. Bd3 h4 43. e4 Bb7 44. Re1 Kd6 45. Re3 a5 46. f3 Bc8 47. f4 Re7 48. Re2 Bb7 49. g3 hxg3 50. hxg3 Bc6 51. Re3 a4 52. Re2 Re8 53. e5+ fxe5 54. Rxe5 Rxe5 55. fxe5+ Kxe5 56. Kc4 Kd6 57. Bf5 Bf3 58. Bc2 Be2+ 59. Kc3 Bb5 60. Bd1 Bd7 61. Kc4 Be6+ 62. Kc3 1/2-1/2